Global : (Record no. 16082)
[ view plain ]
| 000 -LEADER | |
|---|---|
| fixed length control field | 00737nam a22002057a 4500 |
| 008 - FIXED-LENGTH DATA ELEMENTS--GENERAL INFORMATION | |
| fixed length control field | 110906s2010 enk|||||s|||| 00| 0 eng d |
| 020 ## - INTERNATIONAL STANDARD BOOK NUMBER | |
| International Standard Book Number | 023003313X |
| 020 ## - INTERNATIONAL STANDARD BOOK NUMBER | |
| International Standard Book Number | 9780230033139 |
| 082 ## - DEWEY DECIMAL CLASSIFICATION NUMBER | |
| Edition number | 22 |
| Classification number | 428.24 |
| Item number | CLA |
| 100 1# - MAIN ENTRY--PERSONAL NAME | |
| Personal name | Clandfield, Lindsay |
| 9 (RLIN) | 27030 |
| 245 ## - TITLE STATEMENT | |
| Title | Global : |
| Remainder of title | Pre-Intermediate. Class CDs / |
| Statement of responsibility, etc | Lindsay Clanfield & Rebecca Robb Benne |
| 260 ## - PUBLICATION, DISTRIBUTION, ETC. (IMPRINT) | |
| Place of publication, distribution, etc | Oxford : |
| Name of publisher, distributor, etc | Macmillan Education, 2011. |
| Date of publication, distribution, etc | 2011 |
| 300 ## - PHYSICAL DESCRIPTION | |
| Extent | 2 sound discs : |
| Other physical details | digital, stereo. ; |
| Dimensions | 4 3/4 in. |
| 653 ## - INDEX TERM--UNCONTROLLED | |
| Resource For college | |
| Arrived date list | September2011 |
| 650 ## - SUBJECT ADDED ENTRY--TOPICAL TERM | |
| 9 (RLIN) | 13799 |
| Topical term or geographic name as entry element | English language |
| Form subdivision | Textbooks for foreign speakers. |
| 650 ## - SUBJECT ADDED ENTRY--TOPICAL TERM | |
| 9 (RLIN) | 10318 |
| Topical term or geographic name as entry element | English language |
| General subdivision | Study and teaching |
| 700 1# - ADDED ENTRY--PERSONAL NAME | |
| Personal name | Benne, Rebecca Robb |
| 9 (RLIN) | 27029 |
| 700 1# - ADDED ENTRY--PERSONAL NAME | |
| Personal name | Jeffries, Amanda |
| 9 (RLIN) | 27031 |
| 942 ## - ADDED ENTRY ELEMENTS (KOHA) | |
| Source of classification or shelving scheme | Dewey Decimal Classification |
| Item type | |
| Withdrawn status | Lost status | Source of classification or shelving scheme | Damaged status | Not for loan | Koha collection | Location (home branch) | Sublocation or collection (holding branch) | Shelving location | Date acquired | Source of acquisition | Koha issues (times borrowed) | Koha full call number | Piece designation (barcode) | Koha date last seen | Koha date last borrowed | Price effective from | Koha item type | Public note | Koha renewals |
|---|---|---|---|---|---|---|---|---|---|---|---|---|---|---|---|---|---|---|---|
| Dewey Decimal Classification | Baccah | Central Library | Central Library | Second Floor | 25/09/2011 | 1 | 428.24 CLA | 000024835 | 24/08/2022 | 29/09/2011 | 25/09/2011 | CD | DVD - (NB) | 2 CDs | ||||||
| Dewey Decimal Classification | Baccah | Central Library | Central Library | Second Floor | 25/09/2011 | 5 | 428.24 CLA | 000024834 | 24/08/2022 | 27/01/2015 | 25/09/2011 | CD | DVD - (NB) | 2 CDs | 2 |